000 00522nam a2200217Ia 4500
003 OSt
005 20140313092916.0
008 140130s9999 xx 000 0 und d
020 _a9780590442954
050 _aPZ 7
_b.B852Cp 1985
100 _aBridwell, Norman
245 _aClifford's pals /
_cNorman Bridwell.
260 _bScholastic,
_c1985.
_aNew York :
300 _a20 p. :
_bcol. ill. ;
_c19 cm.
440 _v1
521 _aG2
526 _c480
942 _cBK
_2lcc
999 _c40466
_d40466